[Event "Dhaka Elegant Aspirant 2nd"]
[Site "Dhaka"]
[Date "2024.02.25"]
[Round "7"]
[White "Mohammad Fahad, Rahman"]
[Black "Rahman, Ziaur"]
[Result "1-0"]
[WhiteElo "2418"]
[BlackElo "2412"]
[PlyCount "99"]
[EventDate "2024.02.21"]
[EventType "tourn"]
[EventRounds "9"]
[EventCountry "BAN"]
[EventCategory "6"]
[SourceTitle "CB10_2024"]
[SourceDate "2024.03.06"]
[SourceVersion "1"]
[SourceVersionDate "2024.03.06"]
[SourceQuality "1"]

1. e4 c5 2. Nf3 Nc6 3. Bb5 d6 4. 0-0 Bd7 5. c3 a6 6. Ba4 Nf6 7. d3 e5 8. Re1 Be7 9. h3 0-0 10. Nbd2 b5 11. Bc2 Qc7 12. Nf1 d5 13. Ne3 d4 14. Nd5 Qd6 15. Bg5 Rae8 16. Bxf6 Bxf6 17. a4 dxc3 18. axb5 axb5 19. bxc3 Bd8 20. Bb3 Kh8 21. Ne3 g6 22. Bd5 Ne7 23. d4 exd4 24. cxd4 Nxd5 25. dxc5 Qxc5 26. Nxd5 Be6 27. Rc1 Qa7 28. Nd4 Bxd5 29. Nxb5 Qb8 30. Qxd5 Re5 31. Qd6 Qxd6 32. Nxd6 Be7 33. Nc4 Rc5 34. Nb6 Rb5 35. Nd5 Bg5 36. Rc7 Re8 37. Rd7 Ra5 38. f3 Rb8 39. Rxf7 Rb2 40. Kh1 Raa2 41. Rg1 Kg8 42. Rd7 Bh4 43. e5 Re2 44. f4 h5 45. Rc1 Ra8 46. Rcc7 Bd8 47. Nf6+ Bxf6 48. exf6 Re6 49. Rg7+ Kf8 50. Rh7 1-0

[Event "Dhaka Elegant Aspirant 2nd"]
[Site "Dhaka"]
[Date "2024.02.21"]
[Round "1"]
[White "Murshed, Niaz"]
[Black "Rahman, Ziaur"]
[Result "1/2-1/2"]
[WhiteElo "2363"]
[BlackElo "2412"]
[PlyCount "73"]
[EventDate "2024.02.21"]
[EventType "tourn"]
[EventRounds "9"]
[EventCountry "BAN"]
[EventCategory "6"]
[SourceTitle "CB10_2024"]
[SourceDate "2024.03.06"]
[SourceVersion "1"]
[SourceVersionDate "2024.03.06"]
[SourceQuality "1"]

1. e4 c5 2. c3 e5 3. Nf3 Nc6 4. Bc4 Nf6 5. d3 Be7 6. 0-0 0-0 7. Re1 d6 8. a3 a6 9. Nbd2 h6 10. Nf1 Re8 11. Ne3 Bf8 12. b4 Be6 13. Nd5 cxb4 14. axb4 Bxd5 15. Bxd5 Nxd5 16. exd5 Ne7 17. Qb3 Ng6 18. c4 Qf6 19. Be3 Nf4 20. c5 Rec8 21. Rac1 a5 22. bxa5 dxc5 23. Bxf4 exf4 24. Ra1 Re8 25. Qxb7 Rxe1+ 26. Rxe1 Rxa5 27. h3 Bd6 28. Qd7 Kh7 29. Nd2 Qg6 30. Ne4 Be5 31. Qg4 f5 32. Qxg6+ Kxg6 33. Nd2 Bf6 34. Nf3 Ra3 35. Re6 Kf7 36. Ne5+ Bxe5 37. Rxe5 1/2-1/2

[Event "Dhaka Global Aspirant"]
[Site "Dhaka"]
[Date "2024.02.17"]
[Round "7"]
[White "Rahman, Ziaur"]
[Black "Mohammad Fahad, Rahman"]
[Result "1-0"]
[WhiteElo "2412"]
[BlackElo "2418"]
[PlyCount "95"]
[EventDate "2024.02.13"]
[EventType "tourn"]
[EventRounds "9"]
[EventCountry "BAN"]
[EventCategory "6"]
[SourceTitle "CB08_2024"]
[SourceDate "2024.02.21"]
[SourceVersion "1"]
[SourceVersionDate "2024.02.21"]
[SourceQuality "1"]

1. Nf3 d5 2. e3 Nf6 3. c4 e6 4. Nc3 c6 5. b3 Bd6 6. Bb2 0-0 7. Be2 b6 8. d4 Bb7 9. 0-0 Nbd7 10. Qc2 Qe7 11. a4 a6 12. Bd3 dxc4 13. bxc4 c5 14. d5 exd5 15. Nxd5 Nxd5 16. cxd5 Bxd5 17. Bxh7+ Kh8 18. Rfd1 Bxf3 19. gxf3 Nf6 20. Bd3 Rfd8 21. Qe2 a5 22. f4 Rac8 23. Ba6 Rb8 24. Bc4 Kg8 25. Kh1 Re8 26. Qf3 Qe4 27. Qxe4 Nxe4 28. Kg2 Red8 29. Kf3 Nf6 30. Bxf6 gxf6 31. Rd5 Kf8 32. Rh5 Ke7 33. Rh7 Rf8 34. Rg1 b5 35. axb5 Rb7 36. Ra1 Bc7 37. h4 Bb6 38. h5 Rd7 39. Rg7 f5 40. Rg5 Kf6 41. h6 Rh8 42. Rh1 Bd8 43. h7 Bc7 44. Rh6+ Ke7 45. Rxf5 Kf8 46. b6 Bb8 47. Rc6 Kg7 48. Rg5+ 1-0

[Event "Dhaka Global Aspirant"]
[Site "Dhaka"]
[Date "2024.02.16"]
[Round "6"]
[White "Panesar, Vedant"]
[Black "Rahman, Ziaur"]
[Result "1/2-1/2"]
[WhiteElo "2444"]
[BlackElo "2412"]
[PlyCount "36"]
[EventDate "2024.02.13"]
[EventType "tourn"]
[EventRounds "9"]
[EventCountry "BAN"]
[EventCategory "6"]
[SourceTitle "CB08_2024"]
[SourceDate "2024.02.21"]
[SourceVersion "1"]
[SourceVersionDate "2024.02.21"]
[SourceQuality "1"]

1. e4 c5 2. Nf3 e6 3. d4 cxd4 4. Nxd4 Nf6 5. Nc3 Nc6 6. a3 Be7 7. Nxc6 bxc6 8. e5 Nd5 9. Qg4 g6 10. Ne4 f5 11. exf6 Nxf6 12. Nxf6+ Bxf6 13. Bd3 0-0 14. 0-0 Rf7 15. c3 a5 16. Bh6 Bg7 17. Bg5 Bf6 18. Bh6 Bg7 1/2-1/2

[Event "Dhaka Global Aspirant"]
[Site "Dhaka"]
[Date "2024.02.16"]
[Round "5"]
[White "Rahman, Ziaur"]
[Black "Liyanage, Ranindu Dilshan"]
[Result "1/2-1/2"]
[WhiteElo "2412"]
[BlackElo "2347"]
[PlyCount "61"]
[EventDate "2024.02.13"]
[EventType "tourn"]
[EventRounds "9"]
[EventCountry "BAN"]
[EventCategory "6"]
[SourceTitle "CB08_2024"]
[SourceDate "2024.02.21"]
[SourceVersion "1"]
[SourceVersionDate "2024.02.21"]
[SourceQuality "1"]

1. Nf3 d5 2. g3 g6 3. Bg2 Bg7 4. d4 Nf6 5. 0-0 0-0 6. a4 Bf5 7. a5 Na6 8. Bf4 Ne4 9. c3 Qc8 10. Qb3 c6 11. Nbd2 Nc7 12. Rfc1 h6 13. c4 Be6 14. Bxc7 dxc4 15. Nxc4 Qxc7 16. Qc2 Nd6 17. Nxd6 exd6 18. a6 Rac8 19. axb7 Qxb7 20. e3 c5 21. Nd2 Qb8 22. d5 Bf5 23. e4 Bd7 24. Nc4 Bb5 25. Ra2 Bxc4 26. Qxc4 Qb4 27. Bf1 Rfe8 28. Qxb4 cxb4 29. Rxc8 Rxc8 30. b3 Bd4 31. Kg2 1/2-1/2

[Event "Dhaka Global Aspirant"]
[Site "Dhaka"]
[Date "2024.02.15"]
[Round "4"]
[White "De Silva, LMST"]
[Black "Rahman, Ziaur"]
[Result "0-1"]
[WhiteElo "2374"]
[BlackElo "2412"]
[PlyCount "68"]
[EventDate "2024.02.13"]
[EventType "tourn"]
[EventRounds "9"]
[EventCountry "BAN"]
[EventCategory "6"]
[SourceTitle "CB08_2024"]
[SourceDate "2024.02.21"]
[SourceVersion "1"]
[SourceVersionDate "2024.02.21"]
[SourceQuality "1"]

1. e4 c5 2. c3 Nf6 3. e5 Nd5 4. Nf3 d6 5. Bb5+ Bd7 6. Bc4 e6 7. 0-0 Bc6 8. d4 Nd7 9. Qe2 dxe5 10. dxe5 Be7 11. Bd3 g5 12. a3 g4 13. Ne1 Bg5 14. c4 Nf4 15. Bxf4 Bxf4 16. Qxg4 Bxe5 17. Qe2 Rg8 18. g3 Qc7 19. Nf3 Bxf3 20. Qxf3 Bxb2 21. Ra2 Ne5 22. Qe2 Bd4 23. Bxh7 Rh8 24. Be4 f5 25. Bg2 0-0-0 26. Nd2 Qh7 27. h3 f4 28. Nf3 Nxf3+ 29. Qxf3 fxg3 30. Qxg3 Rhg8 31. Qh2 Rd7 32. Kh1 Rdg7 33. f3 Qd3 34. Re1 Qc3 0-1

[Event "Dhaka Global Aspirant"]
[Site "Dhaka"]
[Date "2024.02.13"]
[Round "1"]
[White "Mayank, Chakraborty"]
[Black "Rahman, Ziaur"]
[Result "1-0"]
[WhiteElo "2383"]
[BlackElo "2412"]
[PlyCount "141"]
[EventDate "2024.02.13"]
[EventType "tourn"]
[EventRounds "9"]
[EventCountry "BAN"]
[EventCategory "6"]
[SourceTitle "CB08_2024"]
[SourceDate "2024.02.21"]
[SourceVersion "1"]
[SourceVersionDate "2024.02.21"]
[SourceQuality "1"]

1. d4 d5 2. c4 e6 3. Nc3 c6 4. cxd5 exd5 5. Bf4 Bd6 6. Bxd6 Qxd6 7. e3 Ne7 8. Bd3 Bf5 9. Nge2 Bxd3 10. Qxd3 0-0 11. 0-0 Nd7 12. Ng3 Qg6 13. Qxg6 hxg6 14. f3 Nf5 15. Kf2 Nb6 16. Rfe1 Rfe8 17. Nf1 Re6 18. Rad1 Rae8 19. b3 Nd6 20. Ng3 Nf5 21. Nf1 Nd6 22. g4 Na8 23. Ng3 Nc7 24. Na4 R6e7 25. h4 f6 26. Nb2 Ne6 27. Nd3 Nf8 28. Nf4 Kf7 29. a4 Ne6 30. Nd3 Nf8 31. Re2 Ne6 32. Nc5 Kg8 33. Nxe6 Rxe6 34. Rh1 Kh7 35. Rhe1 Kg8 36. Rh1 Kh7 37. h5 g5 38. Rhe1 Rd8 39. e4 dxe4 40. Nxe4 Nxe4+ 41. Rxe4 Rxe4 42. Rxe4 Rd7 43. Ke3 Kg8 44. Re8+ Kf7 45. Rh8 a6 46. b4 f5 47. gxf5 Kf6 48. Re8 Kxf5 49. a5 Kf6 50. Ke4 g6 51. h6 Rh7 52. Rf8+ Ke6 53. Rg8 Rxh6 54. Rg7 Rh4+ 55. Ke3 Kd5 56. Rxg6 Kc4 57. Rxg5 Rh7 58. f4 Kxb4 59. Re5 b6 60. axb6 a5 61. Rc5 a4 62. Rxc6 a3 63. Rc1 a2 64. d5 Rb7 65. Kd4 Rxb6 66. Ke5 Rb8 67. d6 Re8+ 68. Kd5 Re2 69. d7 Rd2+ 70. Ke6 Kb3 71. Re1 1-0

[Event "Bangabandhu-chT"]
[Site "Dhaka"]
[Date "2024.02.10"]
[Round "10.3"]
[White "Rahman, Ziaur"]
[Black "Ankit, Ray"]
[Result "1/2-1/2"]
[WhiteElo "2412"]
[BlackElo "2001"]
[PlyCount "86"]
[EventDate "2024.02.01"]
[EventType "team-tourn"]
[EventRounds "11"]
[EventCountry "BAN"]
[SourceTitle "CB07_2024"]
[SourceDate "2024.02.14"]
[SourceVersion "1"]
[SourceVersionDate "2024.02.14"]
[SourceQuality "1"]
[WhiteTeam "Bangladesh Police"]
[BlackTeam "Uttara Central CC"]
[WhiteTeamCountry "BAN"]
[BlackTeamCountry "BAN"]

1. Nf3 d5 2. g3 Nf6 3. Bg2 e6 4. 0-0 Bd6 5. c4 0-0 6. d4 h6 7. b3 b6 8. Bb2 Bb7 9. Nc3 Nbd7 10. Nd2 Bb4 11. a3 Be7 12. e4 dxe4 13. Ndxe4 Nxe4 14. Nxe4 Rb8 15. b4 Nf6 16. Nxf6+ Bxf6 17. Bxb7 Rxb7 18. Qf3 Rb8 19. Rfd1 b5 20. Rac1 bxc4 21. Rxc4 a5 22. Bc3 axb4 23. Bxb4 Be7 24. Bxe7 Qxe7 25. Rdc1 Ra8 26. R1c3 Ra7 27. Kg2 Rd8 28. Qf4 Qd6 29. Qf3 Qd5 30. Rxc7 Qxf3+ 31. Kxf3 Rxc7 32. Rxc7 Rxd4 33. Ke3 e5 34. Rc8+ Kh7 35. Rc2 Kg6 36. Ra2 Ra4 37. Kd3 Kf5 38. Kc3 Ke4 39. Kb3 Ra8 40. Kc4 Kf3 41. a4 f5 42. a5 g5 43. Kd5 e4 1/2-1/2

[Event "Dhaka op"]
[Site "Dhaka"]
[Date "2024.01.21"]
[Round "7"]
[White "Md Abzid, Rahman"]
[Black "Rahman, Ziaur"]
[Result "0-1"]
[WhiteElo "2004"]
[BlackElo "2428"]
[PlyCount "88"]
[EventDate "2024.01.15"]
[EventType "swiss"]
[EventRounds "9"]
[EventCountry "BAN"]
[SourceTitle "CB05_2024"]
[SourceDate "2024.01.31"]
[SourceVersion "1"]
[SourceVersionDate "2024.01.31"]
[SourceQuality "1"]

1. d4 Nf6 2. c4 e6 3. Nc3 Bb4 4. Nf3 b6 5. Bg5 h6 6. Bh4 g5 7. Bg3 Ne4 8. Qc2 Bb7 9. Nd2 Bxc3 10. bxc3 f5 11. e3 d6 12. f3 Nxg3 13. hxg3 Qf6 14. a4 0-0 15. a5 Nd7 16. Qa4 Rad8 17. axb6 axb6 18. Qb3 Ra8 19. Rxa8 Rxa8 20. Bd3 Kg7 21. 0-0 h5 22. Qb5 Qe7 23. e4 Ra2 24. Rf2 Ra5 25. Qb2 fxe4 26. fxe4 Nf6 27. c5 dxc5 28. Nc4 Ra8 29. Ne5 Rf8 30. Qe2 g4 31. Qe3 Nh7 32. Ra2 cxd4 33. cxd4 Qg5 34. Qxg5+ Nxg5 35. Ra7 Bxe4 36. Rxc7+ Kh6 37. Bxe4 Nxe4 38. Rc6 Nxg3 39. Rxe6+ Kg5 40. Kh2 Rf1 41. Nf3+ gxf3 42. Kxg3 h4+ 43. Kh2 f2 44. Re2 Rh1+ 0-1

[Event "Dhaka op"]
[Site "Dhaka"]
[Date "2024.01.17"]
[Round "3"]
[White "Rahman, Ziaur"]
[Black "Chowdhury, Sohel"]
[Result "1-0"]
[WhiteElo "2428"]
[BlackElo "1956"]
[PlyCount "168"]
[EventDate "2024.01.15"]
[EventType "swiss"]
[EventRounds "9"]
[EventCountry "BAN"]
[SourceTitle "CB05_2024"]
[SourceDate "2024.01.31"]
[SourceVersion "1"]
[SourceVersionDate "2024.01.31"]
[SourceQuality "1"]

1. Nf3 d5 2. g3 Nf6 3. Bg2 Bf5 4. d3 e6 5. 0-0 Be7 6. Nh4 c6 7. Qe1 Nfd7 8. Nxf5 exf5 9. e4 fxe4 10. dxe4 dxe4 11. Qxe4 Nf6 12. Qf3 0-0 13. Na3 Nbd7 14. Nc4 Nd5 15. Bd2 Bf6 16. Rad1 Qc7 17. Ba5 b6 18. Bd2 Rad8 19. b3 Rfe8 20. Ne3 Ne5 21. Qe2 Nxe3 22. Bxe3 Ng6 23. Qc4 c5 24. a4 Qe7 25. h4 h6 26. h5 Nf8 27. a5 Bg5 28. Bxg5 Qxg5 29. axb6 axb6 30. Bf3 Ne6 31. c3 Qf6 32. Bc6 Rxd1 33. Rxd1 Rd8 34. Rxd8+ Qxd8 35. Bd5 b5 36. Qd3 Ng5 37. f4 Ne6 38. Qf5 Qe7 39. Qe5 b4 40. cxb4 cxb4 41. Kg2 Qd7 42. Kh2 Nf8 43. Bc4 Qd2+ 44. Kh3 Qd7+ 45. Kg2 Qd2+ 46. Kf3 Qd1+ 47. Kf2 Qd2+ 48. Qe2 Qd4+ 49. Kg2 Qd7 50. Qe4 Qg4 51. Qd5 Qd7 52. Kf3 Qe7 53. Qe4 Qc5 54. Qd5 Qe7 55. Qe5 Qb7+ 56. Bd5 Qd7 57. g4 Nh7 58. Qb8+ Nf8 59. Qb7 Qxb7 60. Bxb7 Ne6 61. Bd5 Nc7 62. Bc4 Kf8 63. Ke4 Ke7 64. Kd4 f5 65. gxf5 Kd6 66. Bg8 Ne8 67. Kc4 Nf6 68. Bf7 Ke7 69. Bg6 Kd6 70. Kxb4 Nd5+ 71. Kb5 Nxf4 72. b4 Nd5 73. Kc4 Nb6+ 74. Kd4 Nd5 75. b5 Nc7 76. b6 Na6 77. Be8 Nc5 78. Kc4 Nb7 79. Kb5 Ke7 80. Bg6 Kd6 81. Ka6 Nc5+ 82. Ka7 Nd7 83. Be8 Nc5 84. b7 Kd5 1-0

[Event "Dhaka op"]
[Site "Dhaka"]
[Date "2024.01.16"]
[Round "2"]
[White "Nasiruddin, Apu"]
[Black "Rahman, Ziaur"]
[Result "0-1"]
[WhiteElo "1839"]
[BlackElo "2428"]
[PlyCount "132"]
[EventDate "2024.01.15"]
[EventType "swiss"]
[EventRounds "9"]
[EventCountry "BAN"]
[SourceTitle "CB05_2024"]
[SourceDate "2024.01.31"]
[SourceVersion "1"]
[SourceVersionDate "2024.01.31"]
[SourceQuality "1"]

1. d4 d5 2. Nf3 Nf6 3. g3 Bf5 4. Bg2 e6 5. Nbd2 Be7 6. 0-0 h6 7. b3 a5 8. Bb2 a4 9. a3 axb3 10. cxb3 Nbd7 11. b4 b5 12. Rc1 0-0 13. Re1 Nb6 14. Ne5 Nc4 15. Nexc4 bxc4 16. e4 Bg4 17. Qc2 c6 18. Ra1 Nd7 19. Bc3 Bh5 20. a4 Bg6 21. a5 Bh7 22. Qa4 Nb8 23. exd5 cxd5 24. b5 Nd7 25. Qd1 Bd6 26. Qg4 Nf6 27. Qd1 Qd7 28. Qa4 Rfb8 29. b6 Qxa4 30. Rxa4 Rxb6 31. Nxc4 Rc6 32. Nxd6 Rxc3 33. Rea1 Rc6 34. Nb7 Ne4 35. Bf1 Ra7 36. a6 g5 37. Rb4 Nd2 38. Bb5 Rb6 39. Nc5 Nf3+ 40. Kg2 Nxd4 41. Ra5 Nc6 42. Bxc6 Rxb4 43. Bb7 Be4+ 44. Kf1 Bf3 45. Ke1 g4 46. Kd2 Rb2+ 47. Ke3 e5 48. Kd3 Kg7 49. Nd7 f6 50. Kc3 Rbxb7 51. axb7 Rxb7 52. Nc5 Rc7 53. Kd2 Kg6 54. Ne6 Rb7 55. Ra2 d4 56. Nc5 Rb5 57. Rc2 Kf5 58. Nd7 Rb7 59. Nc5 Ra7 60. Rb2 Ra1 61. Rb6 Ra2+ 62. Kc1 Rxf2 63. Nd7 d3 64. Rxf6+ Ke4 65. Rd6 Rc2+ 66. Kb1 Rc7 0-1

[Event "Dhaka Walton op"]
[Site "Dhaka"]
[Date "2024.01.05"]
[Round "9"]
[White "Rahman, Ziaur"]
[Black "Manon, Reja Neer"]
[Result "1-0"]
[WhiteElo "2436"]
[BlackElo "2243"]
[PlyCount "95"]
[EventDate "2023.12.30"]
[EventType "swiss"]
[EventRounds "9"]
[EventCountry "BAN"]
[SourceTitle "CB02_2024"]
[SourceDate "2024.01.10"]
[SourceVersion "1"]
[SourceVersionDate "2024.01.10"]
[SourceQuality "1"]

1. c4 c6 2. Nf3 d5 3. e3 Nf6 4. Nc3 e6 5. b3 Nbd7 6. Bb2 Bd6 7. d4 0-0 8. Be2 b6 9. 0-0 Bb7 10. Qc2 Qe7 11. a4 c5 12. a5 cxd4 13. exd4 e5 14. dxe5 Nxe5 15. Nb5 dxc4 16. Nxd6 Nxf3+ 17. Bxf3 Bxf3 18. Nxc4 Qe4 19. Qc3 Be2 20. Rfe1 Qd3 21. Qc1 Bh5 22. Re3 Qf5 23. Re5 Qd3 24. Rg5 Bg6 25. Rg3 Qe2 26. Bxf6 gxf6 27. h4 b5 28. Ne3 Rac8 29. Qa3 Rfe8 30. Qd6 Qb2 31. Rd1 Qe5 32. Qxe5 Rxe5 33. Ng4 Rec5 34. Rd7 f5 35. Nf6+ Kg7 36. Nh5+ Kh6 37. Nf4 R8c7 38. Rxc7 Rxc7 39. h5 Bxh5 40. Rh3 Kg5 41. Nxh5 f4 42. g3 f3 43. Nf4 Rc1+ 44. Kh2 Rc2 45. Rh5+ Kg4 46. Rh4+ Kf5 47. Nh3 Rc3 48. Rh5+ 1-0

[Event "Dhaka Walton op"]
[Site "Dhaka"]
[Date "2024.01.04"]
[Round "8"]
[White "Md Abzid, Rahman"]
[Black "Rahman, Ziaur"]
[Result "0-1"]
[WhiteElo "2004"]
[BlackElo "2436"]
[PlyCount "100"]
[EventDate "2023.12.30"]
[EventType "swiss"]
[EventRounds "9"]
[EventCountry "BAN"]
[SourceTitle "CB02_2024"]
[SourceDate "2024.01.10"]
[SourceVersion "1"]
[SourceVersionDate "2024.01.10"]
[SourceQuality "1"]

1. d4 Nf6 2. c4 e6 3. Nc3 Bb4 4. Nf3 b6 5. Bg5 Bb7 6. e3 h6 7. Bh4 g5 8. Bg3 Ne4 9. Qc2 h5 10. Bd3 Bxc3+ 11. bxc3 Nxg3 12. hxg3 Nc6 13. Bg6 Qf6 14. Be4 0-0-0 15. Rb1 d5 16. cxd5 exd5 17. Bd3 h4 18. gxh4 gxh4 19. Qe2 Kb8 20. Bb5 Bc8 21. Rxh4 Rxh4 22. Nxh4 Qxh4 23. Bxc6 Rd6 24. Bb5 Qe4 25. Bd3 Qxg2 26. Kd2 Rh6 27. Qf1 Qf3 28. Be2 Qe4 29. Bd3 Qe7 30. Qg2 Rd6 31. Rb5 Be6 32. Qg3 Rd8 33. Rb3 Kb7 34. Qf3 Qd7 35. Bb5 Qd6 36. Bd3 a5 37. c4 Qc6 38. c5 Qa4 39. Qf6 Qxa2+ 40. Bc2 Re8 41. f4 Rg8 42. Kc3 Qa1+ 43. Rb2 Qe1+ 44. Kb3 a4+ 45. Ka2 a3 46. Rxb6+ cxb6 47. Qe7+ Ka8 48. cxb6 Qa5 49. Qc7 Qa6 50. Ba4 Qc4+ 0-1

[Event "Penang op 15th"]
[Site "Penang"]
[Date "2023.12.21"]
[Round "6"]
[White "Rahman, Ziaur"]
[Black "Sidabutar, Uriel Noah Oloan"]
[Result "1-0"]
[WhiteElo "2436"]
[BlackElo "2008"]
[PlyCount "73"]
[EventDate "2023.12.18"]
[EventType "swiss"]
[EventRounds "9"]
[EventCountry "MAS"]
[SourceTitle "CB52_2023"]
[SourceDate "2023.12.27"]
[SourceVersion "1"]
[SourceVersionDate "2023.12.27"]
[SourceQuality "1"]

1. Nf3 Nf6 2. c4 g6 3. b3 Bg7 4. Bb2 0-0 5. g3 d6 6. Bg2 e5 7. d3 Nc6 8. 0-0 h6 9. Nc3 Be6 10. e4 Qd7 11. Nd5 Nh7 12. Nh4 g5 13. Nf5 Bxf5 14. exf5 Qxf5 15. Nxc7 Rad8 16. Nd5 Qg6 17. b4 Rd7 18. b5 Nd8 19. b6 a6 20. Qa4 Qe6 21. d4 Kh8 22. Nc7 Qf5 23. d5 Nf6 24. Rae1 Ne8 25. Ne6 Nxe6 26. Qxd7 Nd4 27. Qxf5 Nxf5 28. Bh3 Ne7 29. f4 gxf4 30. gxf4 Ng6 31. fxe5 dxe5 32. Ba3 Rg8 33. Rxf7 Nf4 34. Bf5 e4 35. Kf1 Nf6 36. Bb2 Ne8 37. Rxe4 1-0

[Event "Asian Games tt"]
[Site "Hangzhou"]
[Date "2023.10.05"]
[Round "7.19"]
[White "Laylo, Darwin"]
[Black "Rahman, Ziaur"]
[Result "1-0"]
[WhiteElo "2426"]
[BlackElo "2471"]
[PlyCount "65"]
[EventDate "2023.09.29"]
[EventType "team-tourn"]
[EventRounds "9"]
[EventCountry "CHN"]
[SourceTitle "EXT 2024"]
[Source "ChessBase"]
[SourceDate "2023.10.10"]
[SourceVersion "1"]
[SourceVersionDate "2023.10.10"]
[SourceQuality "1"]
[WhiteTeam "Philippines"]
[BlackTeam "Bangladesh"]
[WhiteTeamCountry "PHI"]
[BlackTeamCountry "BAN"]

1. c4 e6 2. Nc3 d5 3. d4 c6 4. e4 dxe4 5. Nxe4 Bb4+ 6. Bd2 Qxd4 7. Bxb4 Qxe4+ 8. Be2 Na6 9. Ba5 b6 10. Qd6 Bd7 11. Bc3 f6 12. Nf3 Nh6 13. Rd1 Rd8 14. Qa3 Bc8 15. Rxd8+ Kxd8 16. Qd6+ Ke8 17. Nd2 Qxg2 18. Bf3 Qg6 19. Qxc6+ Ke7 20. Qa8 Nc5 21. Qxa7+ Nd7 22. Ne4 Nf5 23. Ke2 Rd8 24. Rd1 e5 25. Bb4+ Kf7 26. Qc7 Re8 27. Nd6+ Kg8 28. Nxe8 Qxe8 29. Kd2 Nd4 30. Bd5+ Kh8 31. Bc3 Qf8 32. Bxd4 exd4 33. Kc1 1-0

[Event "Asian Games tt"]
[Site "Hangzhou"]
[Date "2023.10.03"]
[Round "5.15"]
[White "Rahman, Ziaur"]
[Black "Ganerdene, Sugar"]
[Result "0-1"]
[WhiteElo "2471"]
[BlackElo "2418"]
[PlyCount "86"]
[EventDate "2023.09.29"]
[EventType "team-tourn"]
[EventRounds "9"]
[EventCountry "CHN"]
[SourceTitle "EXT 2024"]
[Source "ChessBase"]
[SourceDate "2023.10.10"]
[SourceVersion "1"]
[SourceVersionDate "2023.10.10"]
[SourceQuality "1"]
[WhiteTeam "Bangladesh"]
[BlackTeam "Mongolia"]
[WhiteTeamCountry "BAN"]
[BlackTeamCountry "MGL"]

1. d4 Nf6 2. Bg5 g6 3. Bxf6 exf6 4. e3 d5 5. c4 dxc4 6. Bxc4 Bd6 7. Nc3 0-0 8. Nf3 Nd7 9. 0-0 f5 10. Rc1 a6 11. a3 Nf6 12. Qc2 b6 13. Be2 Bb7 14. Nd2 Ng4 15. Bxg4 fxg4 16. Nc4 Re8 17. e4 Bf8 18. d5 Bg7 19. Rcd1 Qd7 20. Rfe1 Be5 21. Qc1 Qe7 22. Na2 Bg7 23. d6 Qd7 24. Qf4 Rad8 25. Nb4 b5 26. Ne3 Rxe4 27. Qg5 cxd6 28. Nbd5 Rde8 29. Nf6+ Bxf6 30. Qxf6 d5 31. Nc2 Rxe1+ 32. Nxe1 Qe7 33. Qxe7 Rxe7 34. Kf1 Rc7 35. Ke2 f5 36. Kd3 Kf7 37. g3 d4 38. Ra1 Rc4 39. b3 Be4+ 40. Kd2 Rc3 41. b4 Rb3 42. Ra2 Ke6 43. Nc2 Kd5 0-1

[Event "Asian Games tt"]
[Site "Hangzhou"]
[Date "2023.10.02"]
[Round "4.19"]
[White "Rahman, Ziaur"]
[Black "Gu, In Jung"]
[Result "0-1"]
[WhiteElo "2471"]
[BlackElo "1902"]
[PlyCount "94"]
[EventDate "2023.09.29"]
[EventType "team-tourn"]
[EventRounds "9"]
[EventCountry "CHN"]
[SourceTitle "EXT 2024"]
[Source "ChessBase"]
[SourceDate "2023.10.10"]
[SourceVersion "1"]
[SourceVersionDate "2023.10.10"]
[SourceQuality "1"]
[WhiteTeam "Bangladesh"]
[BlackTeam "Korea"]
[WhiteTeamCountry "BAN"]
[BlackTeamCountry "KOR"]

1. Nf3 d5 2. g3 g6 3. c4 c6 4. Qa4 Nd7 5. cxd5 cxd5 6. Nc3 Ngf6 7. Bg2 Bg7 8. 0-0 0-0 9. d4 Nb6 10. Qb3 Nc4 11. Ne5 Na5 12. Qa4 Be6 13. Bd2 Nc4 14. Nxc4 dxc4 15. Rad1 Qd7 16. Qxd7 Bxd7 17. Bf4 Nh5 18. Bg5 Bf6 19. Bc1 Rab8 20. h3 g5 21. e4 e6 22. e5 Be7 23. d5 Rfc8 24. Be3 Bc5 25. Bxc5 Rxc5 26. Bf3 exd5 27. Bxh5 Bxh3 28. Rfe1 Be6 29. Bf3 Rd8 30. Rd4 b5 31. Red1 Kg7 32. Nxd5 a5 33. a3 Rb8 34. Bg4 b4 35. Bxe6 fxe6 36. Ne3 c3 37. axb4 axb4 38. bxc3 bxc3 39. Rc1 Rb2 40. Rc4 Rxc4 41. Nxc4 Rb3 42. Kg2 Kg6 43. Kf3 h5 44. Ke4 h4 45. g4 h3 46. Kf3 c2+ 47. Ne3 Rb1 0-1

[Event "Asian Games tt"]
[Site "Hangzhou"]
[Date "2023.09.29"]
[Round "1.11"]
[White "Daneshvar, Bardiya"]
[Black "Rahman, Ziaur"]
[Result "1-0"]
[WhiteElo "2581"]
[BlackElo "2471"]
[PlyCount "167"]
[EventDate "2023.09.29"]
[EventType "team-tourn"]
[EventRounds "9"]
[EventCountry "CHN"]
[SourceTitle "EXT 2024"]
[Source "ChessBase"]
[SourceDate "2023.10.10"]
[SourceVersion "1"]
[SourceVersionDate "2023.10.10"]
[SourceQuality "1"]
[WhiteTeam "Iran"]
[BlackTeam "Bangladesh"]
[WhiteTeamCountry "IRI"]
[BlackTeamCountry "BAN"]

1. Nf3 d5 2. e3 Nf6 3. c4 e6 4. b3 b6 5. Bb2 Bb7 6. Nc3 Bd6 7. cxd5 exd5 8. Nb5 Be7 9. Be5 Na6 10. Nbd4 0-0 11. Nc6 Qd7 12. Nxe7+ Qxe7 13. Be2 c5 14. 0-0 Rfd8 15. Bb2 Nc7 16. d4 Ba6 17. Bxa6 Nxa6 18. Rc1 Rac8 19. Qe2 Nb8 20. Rfd1 Ne4 21. dxc5 bxc5 22. Nd2 Nf6 23. Qb5 Nbd7 24. Qa5 Qe6 25. Nf3 Qb6 26. Qa4 Re8 27. h3 h6 28. Rc2 Qb7 29. Rdc1 Re6 30. Qf4 Rce8 31. Qf5 Ne4 32. Rd1 Nb6 33. Ne5 Nd6 34. Qf4 c4 35. Nf3 Ne4 36. Bd4 Rc8 37. Rdc1 Nd6 38. Ne5 Nd7 39. Nxd7 Qxd7 40. Be5 Rce8 41. Bxd6 Qxd6 42. Qxd6 Rxd6 43. bxc4 dxc4 44. Rxc4 Ra6 45. a4 g6 46. Rd1 Re7 47. Rd5 Rb7 48. g4 Rf6 49. Rd2 Kg7 50. h4 Rfb6 51. Kg2 Rb4 52. Rdd4 Rxc4 53. Rxc4 Re7 54. Kf3 Re5 55. Kf4 Ra5 56. Ke4 g5 57. hxg5 hxg5 58. Kd3 f5 59. f3 fxg4 60. fxg4 Kf6 61. Re4 Rc5 62. Kd4 Rc1 63. Kd5 a5 64. Rc4 Re1 65. e4 Rd1+ 66. Rd4 Re1 67. Rd2 Rg1 68. e5+ Ke7 69. Rd4 Re1 70. Rc4 Rd1+ 71. Ke4 Rf1 72. Rc7+ Ke6 73. Rc6+ Ke7 74. Rc7+ Ke6 75. Rc6+ Ke7 76. Rf6 Ra1 77. Kf5 Rxa4 78. Ra6 Ra1 79. Ra7+ Kd8 80. Kxg5 a4 81. Kf6 a3 82. Ra8+ Kc7 83. e6 Rf1+ 84. Ke7 1-0

[Event "Abu Dhabi op 29th"]
[Site "Abu Dhabi"]
[Date "2023.08.22"]
[Round "7"]
[White "Yakubboev, Nodirbek"]
[Black "Rahman, Ziaur"]
[Result "1/2-1/2"]
[WhiteElo "2630"]
[BlackElo "2448"]
[PlyCount "46"]
[EventDate "2023.08.16"]
[EventType "swiss"]
[EventRounds "9"]
[EventCountry "UAE"]
[SourceTitle "EXT 2024"]
[Source "ChessBase"]
[SourceDate "2023.10.10"]
[SourceVersion "1"]
[SourceVersionDate "2023.10.10"]
[SourceQuality "1"]

1. c4 e6 2. Nc3 d5 3. d4 c6 4. e4 dxe4 5. Nxe4 Bb4+ 6. Bd2 Qxd4 7. Bxb4 Qxe4+ 8. Be2 Na6 9. Ba5 b6 10. Qd6 Bd7 11. Rd1 0-0-0 12. Bc3 f6 13. Nf3 c5 14. Nd2 Qb7 15. Qg3 Bc6 16. 0-0 Nh6 17. Qh3 Kb8 18. a3 e5 19. f4 Bd7 20. Qh5 Be8 21. Qh3 Bd7 22. Qh5 Be8 23. Qh3 Bd7 1/2-1/2